McGraw Hill Education 500 GRE verbal questions to know by test day / (Record no. 92762)

MARC details
000 -LEADER
fixed length control field 00606nam a22001937a 4500
005 - DATE AND TIME OF LATEST TRANSACTION
control field 20150413125457.0
010 ## - LCCN (DPL NO)
LC control number ENG-112476
020 ## - INTERNATIONAL STANDARD BOOK NUMBER
International Standard Book Number 9789339214180
Terms of availability 395.00
020 ## - INTERNATIONAL STANDARD BOOK NUMBER
International Standard Book Number 9339214188
Terms of availability 395.00
035 ## - SYSTEM CONTROL NUMBER
System control number EN-96008
037 ## - SOURCE OF ACQUISITION
Source of stock number/acquisition DBAD/PUB
082 ## - DEWEY DECIMAL CLASSIFICATION NUMBER
Classification number 000
100 ## - MAIN ENTRY--PERSONAL NAME
Personal name Reed, Shannon
245 ## - TITLE STATEMENT
Title McGraw Hill Education 500 GRE verbal questions to know by test day /
Statement of responsibility, etc by Shannon Reed
260 ## - PUBLICATION, DISTRIBUTION, ETC. (IMPRINT)
Place of publication, distribution, etc Noida
Name of publisher, distributor, etc McGraw Hill Education
Date of publication, distribution, etc 2015(repr.)
270 ## - ADDRESS
Address B-4, Sector-63, Gautam Budh Nagar,
City Noida
Postal code 201301
300 ## - PHYSICAL DESCRIPTION
Extent xi,160p.
Dimensions 24cm(pbk)
942 ## - ADDED ENTRY ELEMENTS (KOHA)
Source of classification or shelving scheme Dewey Decimal Classification
Item type English Books
Call number suffix REE
Classification part 000
Holdings
Withdrawn status Lost status Not for loan Collection code Home library Current library Date acquired Source of acquisition Cost, normal purchase price Full call number Barcode Copy number Cost, replacement price Koha item type
    Not For Loan Non-fiction D.B.Act.Division D.B.Act.Division 08/04/2015 DBAD/PUB 395.00 000 REE EN-96008 1 395.00 English Books

© Delhi Public Library
Hit Counter
free hit counter